Speaking for IELTS (Collins English for exams)

Đã lưu trong:
书目详细资料
主要作者: Kovacs, Karen
格式: 图书
语言:Undetermined
出版: Thành phố Hồ Chí Minh Tổng hợp Thành phố Hồ Chí Minh 2012
主题:
标签: 添加标签
没有标签, 成为第一个标记此记录!
Thư viện lưu trữ: Trung tâm Học liệu Trường Đại học Cần Thơ
LEADER 00654nam a2200205Ia 4500
001 CTU_200264
008 210402s9999 xx 000 0 und d
082 |a 428.0076 
082 |b K75/CD.1 
100 |a Kovacs, Karen 
245 0 |a Speaking for IELTS 
245 0 |b (Collins English for exams) 
245 0 |c Karen Kovacs 
260 |a Thành phố Hồ Chí Minh 
260 |b Tổng hợp Thành phố Hồ Chí Minh 
260 |c 2012 
650 |a English language,Tiếng Anh 
650 |x Examinations, questions, etc,Kỳ thi, câu hỏi, vv 
904 |i Nguyên 
980 |a Trung tâm Học liệu Trường Đại học Cần Thơ